Chrabrá tlapka a Pařátovec z Hnilohájských močálů /
Pokračování příběhu ze série o malé myšce Sněnce, ve kterém se malí hrdinové dostávají zase o něco blíže k záchraně Allurie.
Uloženo v:
| Série: | Chrabrá tlapka,
část 2 |
|---|---|
| Hlavní autor: | |
| Další autoři: | , |
| Médium: | Kniha |
| Jazyk: | Czech |
| Vydáno: |
Praha :
Bookmedia,
2026
|
| Vydání: | Vydání první |
| Témata: | |
| Celkem bylo vypůjčeno: | 0x |
| Příbuzné jednotky: | Z cyklu::
Chrabrá tlapka |
| Tagy: |
Žádné tagy |
| LEADER | 02546nam a2200505 i 4500 | ||
|---|---|---|---|
| 001 | 106695 | ||
| 003 | CZ PrNK | ||
| 005 | 20260701112607.0 | ||
| 007 | ta | ||
| 008 | 260626s2026 xr a b 000 j cze | ||
| 015 | |a cnb003750307 | ||
| 020 | |a 9788076393400 |q (brožováno) | ||
| 040 | |a ABG001 |b cze |e rda | ||
| 041 | 1 | |a cze |h eng | |
| 072 | 7 | |a 821.111-3 |x Anglická próza, anglicky psaná |2 Konspekt |9 25 | |
| 080 | |a 821.111(94)-32 |2 MRF | ||
| 080 | |a 821-93 |2 MRF | ||
| 080 | |a (0:82-321.3) |2 MRF | ||
| 100 | 1 | |a Wilkinson, Lili, |d 1981- |7 xx0331843 |4 aut |9 117547 | |
| 240 | 1 | 0 | |a Bravepaw and the Clawstone of Rotwood mire. |l Česky |
| 245 | 1 | 0 | |a Chrabrá tlapka a Pařátovec z Hnilohájských močálů / |c L.M. Wilkinson ; ilustrace Lavanya Naidu ; z anglického originálu Bravepaw and the Clawstone of Rotwood mire ... přeložil Lukáš Potužník |
| 246 | 3 | 0 | |a Pařátovec z Hnilohájských močálů |
| 250 | |a Vydání první | ||
| 264 | 1 | |a Praha : |b Bookmedia, |c 2026 | |
| 300 | |a 176 stran : |b ilustrace ; |c 20 cm | ||
| 336 | |a text |b txt |2 rdacontent | ||
| 337 | |a bez média |b n |2 rdamedia | ||
| 338 | |a svazek |b nc |2 rdacarrier | ||
| 500 | |a Na hřbetu knihy uvedeno číslo 2 | ||
| 520 | 2 | |a Pokračování příběhu ze série o malé myšce Sněnce, ve kterém se malí hrdinové dostávají zase o něco blíže k záchraně Allurie. |b Tentokrát je putování zavede do veverčí vesničky poblíž děsivých Hnilohájských močálů, kde na ně číhá nejedno nebezpečí. Kromě toho však nečekaně narazí i na nového odvážného spojence. Podaří se jim společně zachránit veverčí klan před nenasytným tyranem z močálů? A zjistí konečně Sněnka, jak funguje její kouzelná hůl se Srdcenínem? Nakladatelská anotace. | |
| 521 | 8 | |a Pro čtenáře od 8 let | |
| 655 | 7 | |a australské příběhy |7 fd230221 |2 czenas |9 54628 | |
| 655 | 7 | |a dobrodružné příběhy |7 fd132060 |2 czenas |9 53557 | |
| 655 | 7 | |a publikace pro děti |7 fd133156 |2 czenas |9 23 | |
| 655 | 9 | |a Australian stories |2 eczenas | |
| 655 | 9 | |a adventure stories |2 eczenas | |
| 655 | 9 | |a children's literature |2 eczenas | |
| 700 | 1 | |a Potužník, Lukáš |7 xx0276333 |4 trl |9 114718 | |
| 700 | 1 | |a Naidu, Lavanya |7 xx0344468 |4 ill |9 117548 | |
| 710 | 2 | |a Bookmedia (nakladatelství) |7 xx0333506 |4 pbl |9 117216 | |
| 787 | 0 | 8 | |i Z cyklu: |t Chrabrá tlapka |g 2 |
| 910 | |a UOG502 | ||
| 942 | |2 ddc |c KN | ||
| 999 | |d 106695 | ||
| 993 | |0 0 |1 421180107422 |2 ddc |4 0 |6 M |7 0 |9 100200 |b 0 |c 107422 |d 2026-07-01 |e 0 |f DOSP |g M |h 299.00 |i Koupě |l M |r 2026-07-02 |t 8 |w 2026-07-01 |y KN |z BELET |n | ||